La liebre con la nariz roja (Record no. 205900)

MARC details
000 -CABECERA
campo de control de longitud fija 00754cam a2200253 a 4500
003 - IDENTIFICADOR DEL NÚMERO DE CONTROL
campo de control MX-MxUPN
005 - FECHA Y HORA DE LA ÚLTIMA TRANSACCIÓN
campo de control 20241129063739.0
008 - ELEMENTOS DE LONGITUD FIJA--INFORMACIÓN GENERAL
campo de control de longitud fija 191031s2004 sp a ar 000 j spa d
020 ## - NÚMERO INTERNACIONAL NORMALIZADO PARA LIBROS
Número Internacional Estándar del Libro 9788496646186
035 ## - NÚMERO DE CONTROL DEL SISTEMA
Número de control de sistema UPN01000233805
040 ## - FUENTE DE LA CATALOGACIÓN
Centro catalogador/agencia de origen MX-MxUPN
Lengua de catalogación spa
041 1# - CÓDIGO DE IDIOMA
Código de lengua del texto/banda sonora o título independiente spa
Código de lengua original ger
050 #4 - SIGNATURA TOPOGRÁFICA DE LA BIBLIOTECA DEL CONGRESO
Número de clasificación PZ36.3
Número de documento/Ítem H435 2004
100 1# - ASIENTO PRINCIPAL--NOMBRE PERSONAL
Nombre de persona Heine, Helme,
9 (RLIN) 34071
Fechas asociadas al nombre 1941-
245 13 - MENCIÓN DE TÍTULO
Título La liebre con la nariz roja
260 ## - PUBLICACIÓN, DISTRIBUCIÓN, ETC.
Lugar de publicación, distribución, etc. España :
Nombre del editor, distribuidor, etc. Lóguez,
Fecha de publicación, distribución, etc. c2004
300 ## - DESCRIPCIÓN FÍSICA
Extensión [10] páginas :
Otras características físicas ilustraciones a color
650 #4 - ASIENTO SECUNDARIO DE MATERIA - TERMINO TEMATICO
9 (RLIN) 52074
Término de materia o nombre geográfico como elemento de entrada Imagen corporal
Subdivisión general Literatura infantil
650 #4 - ASIENTO SECUNDARIO DE MATERIA - TERMINO TEMATICO
Término de materia o nombre geográfico como elemento de entrada Cuentos infantiles alemanes
9 (RLIN) 8589
650 #4 - ASIENTO SECUNDARIO DE MATERIA - TERMINO TEMATICO
Término de materia o nombre geográfico como elemento de entrada Conejos
Subdivisión de forma Cuentos y leyendas
9 (RLIN) 22085
902 ## - ELEMENTOS DE DATOS B LOCAL, LDB (RLIN)
Modificó VíctorGodínez/280524
942 ## - ELEMENTOS DE PUNTO DE ACCESO ADICIONAL (KOHA)
Fuente del sistema de clasificación o colocación Library of Congress Classification
Tipo de ítem Koha Libro
Holdings
Estado de retiro Estado de pérdida Fuente del sistema de clasificación o colocación Estado dañado No para préstamo Código de colección Localización permanente Ubicación/localización actual Ubicación en estantería Fecha de adquisición Clasificación Código de barras Fecha visto por última vez Tipo de ítem Koha
    Library of Congress Classification     Infantil Bib. Gregorio Torres Quintero Bib. Gregorio Torres Quintero Sala infantil Planta baja 11/05/2023 PZ36.3 H435 2004 324568 31/12/2020 Libro